书目信息 |
| 题名: |
方东美先生演讲集
|
|
| 作者: | 方东美 著 | |
| 分册: | ||
| 出版信息: | 北京 中华书局 2013 |
|
| 页数: | 20, 293页 | |
| 开本: | 21cm | |
| 丛书名: | ||
| 单 册: | ||
| 中图分类: | B2-53 | |
| 科图分类: | ||
| 主题词: | 哲学--中国--文集 | |
| 电子资源: | ||
| ISBN: | 978-7-101-08886-1 | |
| 000 | 00876nam0 2200253 450 | |
| 001 | 339924 | |
| 005 | 20150605084706.23 | |
| 010 | @a978-7-101-08886-1@dCNY30.00 | |
| 100 | @a20130313d2013 em y0chiy50 ea | |
| 101 | 0 | @achi |
| 102 | @aCN@b110000 | |
| 105 | @ay z 000cy | |
| 106 | @ar | |
| 200 | 1 | @a方东美先生演讲集@Afang dong mei xian sheng yan jiang ji@f方东美著 |
| 210 | @a北京@c中华书局@d2013 | |
| 215 | @a20, 293页@d21cm | |
| 300 | @a方东美作品系列 | |
| 305 | @a台湾黎明文化事业基金会授权出版 | |
| 330 | @a本书收录了方东美先生在不同场所之学术演讲, 包括《中国哲学对未来世界的影响》、《中国哲学之通性与特点》、《原始儒家思想之因袭与创造》、《儒家哲学》、《当前世界思潮概要》等五篇演讲稿。 | |
| 606 | 0 | @a哲学@y中国@j文集 |
| 690 | @aB2-53@v5 | |
| 701 | 0 | @a方东美@Afang dong mei@f(1899 1977)@4著 |
| 801 | 0 | @aCN@b卓展宏图@c20150525 |
| 905 | @dB2-53@e148@f5 | |
| 方东美先生演讲集/方东美著.-北京:中华书局,2013 |
| 20, 293页;21cm |
| 方东美作品系列 |
| ISBN 978-7-101-08886-1:CNY30.00 |
| 本书收录了方东美先生在不同场所之学术演讲, 包括《中国哲学对未来世界的影响》、《中国哲学之通性与特点》、《原始儒家思想之因袭与创造》、《儒家哲学》、《当前世界思潮概要》等五篇演讲稿。 |
| ● |
| 相关链接 |
|
|
|
|
正题名:方东美先生演讲集
索取号:B2-53/148
 
预约/预借
| 序号 | 登录号 | 条形码 | 馆藏地/架位号 | 状态 | 备注 |
| 1 | 854926 | 208549267 | 第一样本阅览室/ [索取号:B2-53/148] | 在馆 | |
| 2 | 854927 | 208549276 | 第一借阅区/ [索取号:B2-53/148] | 在馆 | |
| 3 | 854928 | 208549285 | 第一借阅区/ [索取号:B2-53/148] | 在馆 | |
| 4 | 854929 | 208549294 | 第一借阅区/ [索取号:B2-53/148] | 在馆 | |
| 5 | 854930 | 208549301 | 第一借阅区/ [索取号:B2-53/148] | 在馆 |